University Home | Library Home | Institutional Repository

A future framework for IRDR operations in Zambia. (Record no. 57137)

MARC details
000 -LEADER
fixed length control field 00481cam7a220016900 4500
001 - CONTROL NUMBER
control field tmp15872652
003 - CONTROL NUMBER IDENTIFIER
control field UPRA
005 - DATE AND TIME OF LATEST TRANSACTION
control field 20190815085849.0
008 - FIXED-LENGTH DATA ELEMENTS--GENERAL INFORMATION
fixed length control field 951108s1987 sw eng u
035 ## - SYSTEM CONTROL NUMBER
System control number (Sirsi) r74819
035 ## - SYSTEM CONTROL NUMBER
System control number (UPRA)tmp15872652
040 ## - CATALOGING SOURCE
Transcribing agency UPRA
245 02 - TITLE STATEMENT
Title A future framework for IRDR operations in Zambia.
260 ## - PUBLICATION, DISTRIBUTION, ETC.
Place of publication, distribution, etc. Uppsala :
Name of publisher, distributor, etc. Swedish University of Agriculture Sciences,
Date of publication, distribution, etc. 1987.
949 ## - LOCAL PROCESSING INFORMATION (OCLC)
a (O2)1987/26
w lcc
m MAIN
t BOOK
l ON-SHELF

No items available.

© 2026 - The University of Zambia Library - Koha v25.11